| 000 | 00935nam a2200253 a 4500 | ||
|---|---|---|---|
| 001 | 7 | ||
| 003 | BR-CuiBMT | ||
| 005 | 20231212004025.0 | ||
| 008 | 230711s2007 mtba s000 0 por d | ||
| 020 | _a9788598587035 | ||
| 040 |
_aBR-CuiBMT _cBR-CuiBMT |
||
| 080 |
_a35.078.3 _x(036) _22007 |
||
| 090 |
_dTCE/MT _a35.078.3(036) _bM433g |
||
| 110 | 1 |
_aMato Grosso. _bTribunal de Contas. |
|
| 245 | 1 | 0 |
_aGuia para implantação do sistema de controle interno na administração pública / _cTribunal de Contas de Mato Grosso. |
| 260 |
_aCuiabá : _bTCE-MT, _c2007. |
||
| 300 |
_a96 p. : _bil. ; _c23 cm |
||
| 504 | _aInclui bibliografia. | ||
| 650 |
_aControle interno _xAdministração pública |
||
| 650 |
_aAuditoria _xAdministração pública |
||
| 650 |
_aTribunal de Contas _zMato Grosso |
||
| 856 | 4 |
_uhttps://www.tce.mt.gov.br/uploads/flipbook/GuiadeControleInterno/index.html _yDisponível também online. _924/09/2008 |
|
| 942 |
_2udc _cLV |
||
| 999 |
_c7 _d7 |
||